000 00483nam a2200181Ia 4500
008 151202s9999||||xx |||||||||||||| ||und||
082 _bPNVM-21880
100 _aप्रभु बबन.
245 _aआकाश पाळणा.
260 _b---
260 _c0
300 _a0
600 _aप्रभु बबन.
630 _aआकाश पाळणा.
700 _aप्रभु बबन.
730 _aआकाश पाळणा.
942 _cBOOK
999 _c1287855
_d1287852